000 00619nam a2200229Ia 4500
003 OSt
005 20220928124000.0
006 a|||||r|||| 00| 0
007 ta
008 220927b |||||||| |||| 00| 0 eng d
024 _a58777
037 _cTextual
040 _aSDCL
_cSDCL
_beng
041 _2eng
_aeng
082 _aY9(W,6), L2
100 _aPrasad Nageshwar
_9411991
245 0 _aDecentralisation in Yugoslavia and India.
260 _aVaranasi
_bNavachetna Prakashan
_c1972
300 _axv,330p
_ccm.
942 _hY9(W,6), L2
_cTEXL
_2CC
999 _c775931
_d775931